[Event "28th Czech Open E 2018"]
[Site "Pardubice CZE"]
[Date "2018.07.14"]
[Round "5.1"]
[White "Antoli Royo, Joaquin Miguel"]
[Black "Cernousek, Lukas"]
[Result "0-1"]
[WhiteTitle "IM"]
[BlackTitle "IM"]
[WhiteElo "2463"]
[BlackElo "2449"]
[WhiteTeam "PITNY REZIM"]
[BlackTeam "UNICHESS A (MCR)"]
[WhiteFideId "2259532"]
[BlackFideId "311707"]
[EventDate "2018.07.12"]
[EventType "team"]

1. e4 e5 2. Nf3 Nf6 3. Nxe5 d6 4. Nf3 Nxe4 5. Nc3 Nxc3 6. dxc3 Be7 7. Be3 Nc6 8.
Qd2 Be6 9. O-O-O Qd7 10. a3 Bf6 11. h3 O-O-O 12. Nd4 Bxd4 13. cxd4 d5 14. Bf4 a6
15. f3 f6 16. Qc3 Rhe8 17. g4 Bf7 18. h4 Kb8 19. h5 h6 20. Bd3 Rc8 21. Rhe1 Rxe1
22. Rxe1 Re8 23. Kd2 Rxe1 24. Kxe1 Qe7+ 25. Kf2 Na7 26. a4 Nc8 27. Qa5 Nd6 28.
Qc5 Be6 29. Bg3 Nc8 30. Qc3 Bf7 31. b3 Nd6 32. Qc5 Nc8 33. Qa5 Nd6 34. Qd2 Kc8
35. Qc1 Qd7 36. c4 dxc4 37. bxc4 Nxc4 38. Qc3 Qxa4 39. Qe1 Nd6 40. Qe3 Qa2+ 41.
Kg1 Qe6 42. Qf4 Qd5 43. Kh2 Qg5 44. Bf5+ Kd8 45. Qxd6+ cxd6 46. f4 Qxf5 0-1

[Event "28th Czech Open E 2018"]
[Site "Pardubice CZE"]
[Date "2018.07.14"]
[Round "5.2"]
[White "Simek, Petr2"]
[Black "Straka, Jozef2"]
[Result "1-0"]
[WhiteTitle "FM"]
[BlackTitle "FM"]
[WhiteElo "2334"]
[BlackElo "2295"]
[WhiteTeam "UNICHESS A (MCR)"]
[BlackTeam "PITNY REZIM"]
[WhiteFideId "319260"]
[BlackFideId "14910560"]
[EventDate "2018.07.12"]
[EventType "team"]

1. d4 Nf6 2. c4 e6 3. g3 c5 4. d5 exd5 5. cxd5 d6 6. Nc3 g6 7. Bg2 Bg7 8. Nf3
O-O 9. O-O a6 10. a4 Re8 11. Bf4 Nh5 12. Bg5 Qc7 13. Qd2 Nd7 14. e4 Rb8 15. a5
Nhf6 16. Qc2 Ng4 17. h3 Nge5 18. Nd2 c4 19. Be3 b5 20. axb6 Nxb6 21. Rfb1 h5 22.
Na4 Nxa4 23. Rxa4 f5 24. f4 Nf7 25. Rxc4 Qd8 26. Bf2 Nh6 27. b3 Bd7 28. Rc1 a5
29. Qd1 Rb7 30. exf5 gxf5 31. Qxh5 Bb5 32. R4c2 Kh7 33. Nf3 Kg8 34. Ng5 Bd7 35.
Ne6 Qe7 36. Rc7 Rxb3 37. Nxg7 Kxg7 38. Re1 1-0

[Event "28th Czech Open E 2018"]
[Site "Pardubice CZE"]
[Date "2018.07.14"]
[Round "5.3"]
[White "Danada, Tomas"]
[Black "Kuba, Jindrich"]
[Result "1-0"]
[BlackTitle "FM"]
[WhiteElo "2257"]
[BlackElo "2309"]
[WhiteTeam "PITNY REZIM"]
[BlackTeam "UNICHESS A (MCR)"]
[WhiteFideId "14919362"]
[BlackFideId "318248"]
[EventDate "2018.07.12"]
[EventType "team"]

1. Nf3 Nf6 2. d4 e6 3. c4 Bb4+ 4. Nbd2 O-O 5. a3 Bxd2+ 6. Bxd2 Ne4 7. e3 d6 8.
Bd3 Nxd2 9. Qxd2 Nd7 10. O-O Qe7 11. Qc2 h6 12. Rfd1 b6 13. Bh7+ Kh8 14. Be4 Rb8
15. Bc6 Nf6 16. Qc3 Bd7 17. Bxd7 Nxd7 18. b4 c5 19. dxc5 bxc5 20. Qd3 Rb6 21. b5
Nf6 22. a4 d5 23. Ne5 Qc7 24. Nc6 Ng4 25. g3 Rxc6 26. bxc6 Ne5 27. Qc3 Nxc4 28.
Rac1 Qxc6 29. e4 Rc8 30. exd5 exd5 31. Qf3 Qc7 32. Rxd5 Nb2 33. Rd4 c4 34. Qf5
Rf8 35. Rd7 Qc8 36. Qd5 Kg8 37. Qd4 a5 38. Rd5 Qe6 39. Re5 Qxe5 40. Qxe5 Nd3 41.
Qc3 Nxc1 42. Qxc1 Rc8 43. Qc3 Rc5 44. Kg2 h5 45. Kf3 g6 46. Ke4 Rf5 47. f4 Rc5
48. Kd4 Rc8 49. Qxa5 c3 50. Qxc3 1-0

[Event "28th Czech Open E 2018"]
[Site "Pardubice CZE"]
[Date "2018.07.14"]
[Round "5.4"]
[White "Kovar, Vojtech"]
[Black "Goban, Marek"]
[Result "1/2-1/2"]
[WhiteElo "2264"]
[BlackElo "2089"]
[WhiteTeam "UNICHESS A (MCR)"]
[BlackTeam "PITNY REZIM"]
[WhiteFideId "314943"]
[BlackFideId "14900530"]
[EventDate "2018.07.12"]
[EventType "team"]

1. e4 d6 2. d4 Nf6 3. Nc3 Nbd7 4. f4 e5 5. Nf3 c6 6. a4 Qa5 7. Bd2 Qc7 8. Be3
Be7 9. Be2 O-O 10. O-O Re8 11. Kh1 Bf8 12. Nd2 b6 13. Qe1 exd4 14. Bxd4 c5 15.
Bg1 Bb7 16. Qg3 Rad8 17. Bd3 c4 18. Bxc4 Nxe4 19. Ncxe4 Bxe4 20. Bb3 Bc6 21. Nf3 1/2-1/2

[Event "28th Czech Open E 2018"]
[Site "Pardubice CZE"]
[Date "2018.07.14"]
[Round "5.1"]
[White "Konopka, Michal"]
[Black "Roesemann, Rainer"]
[Result "1-0"]
[WhiteTitle "IM"]
[BlackTitle "FM"]
[WhiteElo "2359"]
[BlackElo "2268"]
[WhiteTeam "SK ZIKUDA TURNOV A (MCR)"]
[BlackTeam "SCHACHGEMEINSCHAFT LEIPZIG"]
[WhiteFideId "308633"]
[BlackFideId "4610296"]
[EventDate "2018.07.12"]
[EventType "team"]

1. Nf3 d5 2. d4 Nf6 3. c4 c6 4. Qb3 dxc4 5. Qxc4 Bg4 6. Nbd2 Nbd7 7. g3 Qa5 8.
Bg2 e6 9. h3 Bf5 10. O-O Qb4 11. a3 Qb6 12. Qa2 Be7 13. Nc4 Qa6 14. b4 O-O 15.
Bg5 h6 16. Bxf6 Nxf6 17. Rfc1 Rfd8 18. e3 Be4 19. Nfe5 Bxg2 20. Kxg2 Qb5 21. Qe2
Bd6 22. Nd3 Qd5+ 23. Qf3 Bc7 24. Nc5 Rab8 25. Rab1 Bd6 26. Na5 Bxc5 27. Qxd5
cxd5 28. bxc5 Rdc8 29. Nxb7 Ne4 30. Rc2 Rc7 31. Rcb2 Kf8 32. f3 Nd2 33. Nd6 Rxb2
34. Rxb2 Nc4 35. Nxc4 dxc4 36. f4 Ke7 37. Kf3 f5 38. Rc2 Kd7 39. Rxc4 Kc6 40.
Rb4 Kd5 41. Rb8 Kc4 42. g4 g5 43. Re8 gxf4 44. Kxf4 fxg4 45. hxg4 Rf7+ 46. Ke5 1-0

[Event "28th Czech Open E 2018"]
[Site "Pardubice CZE"]
[Date "2018.07.14"]
[Round "5.2"]
[White "Nguyen, Alex Dac-Vuong"]
[Black "Cech, Pavel"]
[Result "1/2-1/2"]
[BlackTitle "IM"]
[WhiteElo "2175"]
[BlackElo "2345"]
[WhiteTeam "SCHACHGEMEINSCHAFT LEIPZIG"]
[BlackTeam "SK ZIKUDA TURNOV A (MCR)"]
[WhiteFideId "12984388"]
[BlackFideId "302139"]
[EventDate "2018.07.12"]
[EventType "team"]

1. e4 Nf6 2. e5 Ne4 3. d3 Nc5 4. d4 Ne6 5. Be3 d5 6. Nf3 g6 7. c4 c6 8. Nc3 Nc7
9. Qb3 Bg7 10. cxd5 cxd5 11. Bb5+ Nc6 12. h3 Nxb5 13. Qxb5 e6 14. Bg5 Qd7 15.
Qd3 b6 16. O-O O-O 17. Rfc1 Bb7 18. Rab1 Na5 19. b3 Rac8 20. Rb2 Rc7 21. Rbc2
Rfc8 22. Ne1 h6 23. Bd2 Bf8 24. Nb5 Rxc2 25. Rxc2 Rxc2 26. Nxc2 Ba6 27. a4 Nc6 1/2-1/2

[Event "28th Czech Open E 2018"]
[Site "Pardubice CZE"]
[Date "2018.07.14"]
[Round "5.3"]
[White "Sodoma, Jan"]
[Black "Liedtke, Matthias"]
[Result "1-0"]
[WhiteTitle "IM"]
[BlackTitle "FM"]
[WhiteElo "2342"]
[BlackElo "2282"]
[WhiteTeam "SK ZIKUDA TURNOV A (MCR)"]
[BlackTeam "SCHACHGEMEINSCHAFT LEIPZIG"]
[WhiteFideId "323195"]
[BlackFideId "4616758"]
[EventDate "2018.07.12"]
[EventType "team"]

1. Nf3 Nf6 2. c4 g6 3. b3 Bg7 4. Bb2 d6 5. d4 O-O 6. g3 c6 7. Bg2 Bf5 8. O-O Qc8
9. Re1 c5 10. Nc3 Bh3 11. e4 Bxg2 12. Kxg2 cxd4 13. Nxd4 Nc6 14. Nd5 Re8 15.
Nxc6 Qxc6 16. Bxf6 Bxf6 17. Nxf6+ exf6 18. Qd5 Re6 19. Rad1 Rd8 20. Re3 Qb6 21.
g4 a6 22. h4 Rc8 23. Qd2 Rc5 24. Rd3 Rxe4 25. Rxd6 Rc6 26. Rd4 Re8 27. Rd7 Re5
28. Qh6 Rc8 29. R1d6 Qc5 30. Rxf7 Kxf7 31. Qxh7+ Kf8 32. Qh8+ Ke7 33. Qxf6+ Ke8
34. Qxg6+ Ke7 35. Qf6+ Ke8 36. b4 1-0

[Event "28th Czech Open E 2018"]
[Site "Pardubice CZE"]
[Date "2018.07.14"]
[Round "5.4"]
[White "Enxing, Philemon"]
[Black "Vltavsky, Vladimir"]
[Result "0-1"]
[WhiteElo "1743"]
[BlackElo "2201"]
[WhiteTeam "SCHACHGEMEINSCHAFT LEIPZIG"]
[BlackTeam "SK ZIKUDA TURNOV A (MCR)"]
[WhiteFideId "16217632"]
[BlackFideId "309958"]
[EventDate "2018.07.12"]
[EventType "team"]

1. e4 c5 2. c3 d6 3. d4 Nf6 4. dxc5 dxc5 5. Qxd8+ Kxd8 6. Bc4 e6 7. f3 Nc6 8.
Bf4 Nh5 9. Be3 Bd6 10. Ne2 Ke7 11. O-O b6 12. Nd2 Bb7 13. f4 Bc7 14. Ng3 Nxg3
15. hxg3 Rad8 16. Be2 Nb8 17. Rad1 Nd7 18. Bf3 e5 19. b4 cxb4 20. cxb4 Nf6 21.
Rc1 Bb8 22. Rc3 Rd7 23. Rfc1 Rhd8 24. R1c2 h5 25. f5 Ng4 26. Bxg4 hxg4 27. Kf2
Ba6 28. Bg5+ f6 29. Be3 Kf7 30. Ke1 g6 31. fxg6+ Kxg6 32. Kf2 Rf8 33. Rc6 Bb7
34. Re6 Kf7 35. Rec6 Bxc6 36. Rxc6 Rd6 37. Rc2 Kg6 38. Nc4 Rdd8 39. Bc1 Rc8 40.
Ke2 f5 41. exf5+ Kxf5 42. Ne3+ Ke4 43. Rxc8 Rxc8 44. Bd2 Rg8 45. a3 b5 46. Nd1
a6 47. Be3 Rg7 48. Bc5 Ba7 49. Nf2+ Kf5 50. Bxa7 Rxa7 51. Nd3 a5 52. Nc5 axb4
53. axb4 Ra2+ 54. Kf1 e4 55. Nb3 Ke5 56. Nc5 Rb2 57. Na6 Kd4 58. Kg1 Kc4 59. Nc5
e3 0-1

[Event "28th Czech Open E 2018"]
[Site "Pardubice CZE"]
[Date "2018.07.15"]
[Round "6.1"]
[White "Polak, Tomas"]
[Black "Vrana, Jan"]
[Result "1/2-1/2"]
[WhiteTitle "GM"]
[BlackTitle "FM"]
[WhiteElo "2492"]
[BlackElo "2328"]
[WhiteTeam "MORAVSKA SLAVIA BRNO A (MCR)"]
[BlackTeam "2222 SK POLABINY A (MCR)"]
[WhiteFideId "300560"]
[BlackFideId "322369"]
[EventDate "2018.07.12"]
[EventType "team"]

1. d4 d5 2. c4 dxc4 3. e3 e6 4. Bxc4 Nf6 5. Nc3 c5 6. Nf3 a6 7. a4 Nc6 8. O-O
Be7 9. d5 exd5 10. Nxd5 Nxd5 11. Bxd5 Nb4 12. Bc4 Qxd1 13. Rxd1 Be6 14. Bxe6
fxe6 15. Bd2 Bf6 16. Bc3 Ke7 17. e4 Bxc3 18. bxc3 Nc6 19. Rab1 Na5 20. Kf1 Rhd8
21. Rxd8 Rxd8 22. Ke2 Kf6 23. g4 h6 24. h4 Rb8 25. e5+ Ke7 26. Nd2 Nc6 27. Ne4
Nxe5 28. Nxc5 Kd6 29. Nxa6 Ra8 30. Rd1+ Ke7 31. Nc5 b6 32. Nd3 Nxd3 33. Kxd3
Rxa4 34. f3 Rf4 35. Ke2 Rc4 36. Rb1 Rxc3 37. Rxb6 Ra3 38. h5 Kf6 39. Rb7 Ra2+
40. Ke3 Ra3+ 41. Kf2 Ra2+ 42. Kg3 Ra3 43. Rd7 Rb3 44. Kf4 Rb4+ 45. Ke3 Rb3+ 46.
Ke4 Rb4+ 47. Rd4 Rb3 48. Ra4 Rc3 49. Kf4 Rb3 50. Kg3 Rc3 51. Rf4+ Ke7 52. Kh4
Rc1 53. Re4 Kf6 54. f4 Rh1+ 55. Kg3 Rg1+ 56. Kf3 Rf1+ 57. Kg2 Ra1 58. Rb4 Ra3
59. Rb5 Kf7 60. g5 hxg5 61. fxg5 Rd3 62. Rb7+ Kf8 63. Rb8+ Kf7 64. Rb7+ Kf8 1/2-1/2

[Event "28th Czech Open E 2018"]
[Site "Pardubice CZE"]
[Date "2018.07.15"]
[Round "6.2"]
[White "Novotny, Michal"]
[Black "Blatny, Pavel"]
[Result "1-0"]
[WhiteTitle "FM"]
[BlackTitle "GM"]
[WhiteElo "2304"]
[BlackElo "2335"]
[WhiteTeam "2222 SK POLABINY A (MCR)"]
[BlackTeam "MORAVSKA SLAVIA BRNO A (MCR)"]
[WhiteFideId "310980"]
[BlackFideId "300047"]
[EventDate "2018.07.12"]
[EventType "team"]

1. d4 e6 2. e4 b6 3. Nf3 Bb7 4. Bd3 d6 5. O-O Nd7 6. Re1 g6 7. Nc3 Bg7 8. a4 a6
9. Be3 Ne7 10. Qd2 h6 11. Rad1 Kf8 12. Qe2 Kg8 13. Nb1 Qb8 14. c3 Qa7 15. Nbd2
Re8 16. Nf1 Qa8 17. Bc1 Kh7 18. Ng3 Rhf8 19. Bc2 Ng8 20. Qc4 Qd8 21. h3 Kh8 22.
Nh2 Ndf6 23. Qf1 Qa8 24. e5 dxe5 25. dxe5 Nd5 26. f4 Rd8 27. f5 exf5 28. Nxf5
Nde7 29. Nxg7 Kxg7 30. Ng4 h5 31. Nf6 Rxd1 32. Rxd1 Rd8 33. Re1 Qc8 34. Qf4 Nd5
35. Qg5 Ndxf6 36. exf6+ Kf8 37. Bxg6 fxg6 38. f7 Rd6 39. Re8+ Kxf7 40. Rxc8 Bxc8
41. Bf4 Rd1+ 42. Kf2 Nf6 43. Ke2 Rd5 44. Be5 Nd7 45. Qf4+ Ke8 46. Bxc7 Bb7 47.
Qh6 Nf8 48. Qe3+ Kf7 49. Qxb6 Bc8 50. Bd6 Ne6 51. Qa7+ Kg8 52. Qe7 a5 53. Ke1
Ng7 54. c4 Rd3 55. Be5 Rd7 56. Qf6 Bb7 57. c5 Bxg2 58. c6 Rf7 59. Qxg6 Re7 60.
Qf6 1-0

[Event "28th Czech Open E 2018"]
[Site "Pardubice CZE"]
[Date "2018.07.15"]
[Round "6.3"]
[White "Vojta, Tomas"]
[Black "Bujnoch, Radek"]
[Result "1/2-1/2"]
[WhiteTitle "FM"]
[WhiteElo "2350"]
[BlackElo "2208"]
[WhiteTeam "MORAVSKA SLAVIA BRNO A (MCR)"]
[BlackTeam "2222 SK POLABINY A (MCR)"]
[WhiteFideId "308781"]
[BlackFideId "313300"]
[EventDate "2018.07.12"]
[EventType "team"]

1. d4 d5 2. Bf4 Nf6 3. e3 c5 4. c3 Nc6 5. Nd2 Qb6 6. Qb3 Qxb3 7. axb3 Nh5 8. Bc7
cxd4 9. exd4 Kd7 10. Bg3 f6 11. Ngf3 e6 12. b4 b6 13. Bb5 Bb7 14. O-O Nxg3 15.
hxg3 Bd6 16. Nb3 a6 17. Bd3 e5 18. Bf5+ Kc7 19. dxe5 fxe5 20. Rad1 Ne7 21. Be6
Rhf8 22. Rfe1 Rf6 23. Bg4 Ng6 24. Bh5 Re8 25. Nbd4 Re7 26. Nc2 Nf8 27. Ne3 g6
28. Bg4 h5 29. Bh3 d4 30. Nc4 Bxf3 31. gxf3 Rxf3 32. Nxd6 Kxd6 33. cxd4 e4 34.
Re3 Ref7 35. Rxe4 Rxf2 36. Rf1 Rxf1+ 37. Bxf1 Rf3 38. Bg2 Rxg3 39. d5 Rg4 40.
Re8 h4 41. Kh2 Rf4 42. Rc8 Ke7 43. Rc7+ Kd8 1/2-1/2

[Event "28th Czech Open E 2018"]
[Site "Pardubice CZE"]
[Date "2018.07.15"]
[Round "6.4"]
[White "Lahner, Jakub"]
[Black "Tikovsky, Alexandr"]
[Result "1/2-1/2"]
[WhiteTitle "FM"]
[WhiteElo "2310"]
[BlackElo "2169"]
[WhiteTeam "2222 SK POLABINY A (MCR)"]
[BlackTeam "MORAVSKA SLAVIA BRNO A (MCR)"]
[WhiteFideId "313360"]
[BlackFideId "313009"]
[EventDate "2018.07.12"]
[EventType "team"]

1. d4 g6 2. e4 Bg7 3. Nc3 d6 4. Be3 a6 5. Qd2 Nd7 6. Nf3 b5 7. Bd3 Bb7 8. a4 b4
9. Ne2 c5 10. c3 bxc3 11. bxc3 Ngf6 12. Ng3 Ng4 13. Bf4 cxd4 14. cxd4 e5 15. Bg5
f6 16. Bh4 Nh6 17. Ne2 Nf7 18. O-O O-O 19. Qa2 g5 20. Bg3 f5 21. Rab1 Bxe4 22.
Bxe4 fxe4 23. Nd2 d5 24. Qxd5 Nf6 25. Qxd8 Rfxd8 26. Bxe5 Nxe5 27. dxe5 Rxd2 28.
exf6 Bxf6 29. Rfe1 Rc8 30. Ng3 Ra2 31. Nxe4 Bd4 32. g3 Rcc2 33. Rb7 Rxf2 34.
Nxf2 Bxf2+ 35. Kf1 Bxe1 36. Kxe1 Rxa4 37. Ra7 Ra2 38. h4 g4 39. h5 h6 40. Kf1
Ra5 41. Ke2 Rxh5 42. Rxa6 Re5+ 43. Kf1 Kg7 44. Rb6 Rf5+ 45. Ke2 Rf6 46. Rb4 h5
47. Rb5 Kg6 48. Ra5 Rb6 49. Rc5 Rb2+ 50. Kf1 Rb3 51. Kg2 Rf3 52. Ra5 Rf5 53.
Ra6+ Kg5 54. Rb6 Ra5 55. Kf2 Ra2+ 56. Ke3 Ra3+ 57. Kf2 Ra5 58. Rb8 Ra2+ 59. Ke3
Rg2 60. Rb5+ Kg6 1/2-1/2

[Event "28th Czech Open E 2018"]
[Site "Pardubice CZE"]
[Date "2018.07.15"]
[Round "6.1"]
[White "Cernousek, Lukas"]
[Black "Potapov, Pavel"]
[Result "1/2-1/2"]
[WhiteTitle "IM"]
[BlackTitle "GM"]
[WhiteElo "2449"]
[BlackElo "2500"]
[WhiteTeam "UNICHESS A (MCR)"]
[BlackTeam "YAMAL 1"]
[WhiteFideId "311707"]
[BlackFideId "4169786"]
[EventDate "2018.07.12"]
[EventType "team"]

1. d4 f5 2. c4 Nf6 3. Nc3 d6 4. Bg5 Nbd7 5. Qc2 g6 6. O-O-O c6 7. h4 Qc7 8. e4
fxe4 9. Nxe4 Bg7 10. Ng3 Nf8 11. h5 gxh5 12. Bxf6 Bxf6 13. Nxh5 Be6 14. Nxf6+
exf6 15. Bd3 O-O-O 16. Ne2 Kb8 17. Nf4 d5 18. g3 dxc4 19. Bxc4 Bxc4 20. Qxc4 Ng6
21. Nd3 Rhe8 22. Nc5 Ka8 23. Kb1 Nf8 24. Rd3 b6 25. Na6 Qb7 26. Rc1 Ne6 27. Qxc6
Qxc6 28. Rxc6 Kb7 29. d5 Kxa6 30. Ra3+ Kb7 31. Rxe6 Rxe6 32. dxe6 Rd1+ 33. Kc2
Re1 34. Re3 Rxe3 35. fxe3 Kc6 36. Kd3 Kd6 37. Kc4 Kxe6 38. e4 1/2-1/2

[Event "28th Czech Open E 2018"]
[Site "Pardubice CZE"]
[Date "2018.07.15"]
[Round "6.2"]
[White "Belyakov, Bogdan"]
[Black "Simek, Petr2"]
[Result "1/2-1/2"]
[WhiteTitle "IM"]
[BlackTitle "FM"]
[WhiteElo "2489"]
[BlackElo "2334"]
[WhiteTeam "YAMAL 1"]
[BlackTeam "UNICHESS A (MCR)"]
[WhiteFideId "24104795"]
[BlackFideId "319260"]
[EventDate "2018.07.12"]
[EventType "team"]

1. e4 e5 2. Nf3 Nc6 3. Nc3 Nf6 4. Be2 d5 5. exd5 Nxd5 6. O-O Nxc3 7. bxc3 Bd6 8.
d4 exd4 9. cxd4 O-O 10. Bg5 Be7 11. Be3 Bf6 12. c3 Bf5 13. Qb3 b6 14. Rad1 Na5
15. Qb2 Qd5 16. Nd2 Rad8 17. Bf3 Qd7 18. h3 Rfe8 19. Rfe1 h6 20. Bf4 Rxe1+ 21.
Rxe1 Be6 22. Ne4 Be7 23. Qd2 Nc4 24. Qc1 Nd6 25. Ng3 c6 26. Qc2 Bd5 27. Bg4 Qb7
28. Bxd6 Rxd6 29. c4 Be6 30. Bxe6 Rxe6 31. Rxe6 fxe6 32. Nh5 Qd7 33. Qe4 Bd6 34.
g4 Bc7 35. Kg2 Kf7 36. a4 a6 37. Kf1 b5 38. axb5 cxb5 39. Qf3+ Kg6 40. Qe4+ Kf7
41. Qf3+ Kg6 42. Qe4+ 1/2-1/2

[Event "28th Czech Open E 2018"]
[Site "Pardubice CZE"]
[Date "2018.07.15"]
[Round "6.3"]
[White "Kuba, Jindrich"]
[Black "Potapov, Alexander1"]
[Result "1/2-1/2"]
[WhiteTitle "FM"]
[BlackTitle "GM"]
[WhiteElo "2309"]
[BlackElo "2404"]
[WhiteTeam "UNICHESS A (MCR)"]
[BlackTeam "YAMAL 1"]
[WhiteFideId "318248"]
[BlackFideId "4115074"]
[EventDate "2018.07.12"]
[EventType "team"]

1. e4 e5 2. Nf3 Nc6 3. Nc3 Nf6 4. Bb5 Bb4 5. O-O O-O 6. d3 Bxc3 7. bxc3 d6 8. h3
Bd7 9. Rb1 a6 10. Ba4 Rb8 11. Bg5 Ne7 12. Bb3 Ng6 13. Qd2 Re8 14. Rfe1 Be6 15.
Kh2 h6 16. Be3 d5 17. exd5 Bxd5 18. Bxd5 Qxd5 19. c4 Qc6 20. Kg1 Rbd8 21. Qb4 b6
22. a4 e4 23. Nd4 Qd7 24. c5 exd3 25. cxd3 Nd5 26. Qa3 Ngf4 27. cxb6 Nxe3 28.
fxe3 cxb6 29. Kh2 Nd5 30. e4 Nf4 31. Nf5 Nxd3 32. Qc3 Ne5 33. Rxb6 Re6 34. Qg3
Ng6 35. a5 Rde8 36. Qc3 Ne5 37. Reb1 Qd3 38. Qxd3 Nxd3 39. Rxe6 Rxe6 40. Rb8+
Kh7 41. Rb6 Nc5 42. Rxe6 fxe6 43. Nd6 Kg6 44. Kg3 Nb3 45. Nc4 Kf6 46. Kf4 Ke7
47. g4 Kf6 48. h4 e5+ 49. Ke3 Ke6 50. Kf3 Nd4+ 51. Ke3 Nc6 52. Kf3 Ne7 53. Ne3
Nc6 54. Nc4 Nd8 55. Ke3 Nb7 56. Kd3 Nc5+ 57. Ke3 Nb7 58. Kd3 g6 59. Ke3 Nd6 60.
Kd3 Ne8 61. Ke3 Nd6 62. Kd3 Nxc4 1/2-1/2

[Event "28th Czech Open E 2018"]
[Site "Pardubice CZE"]
[Date "2018.07.15"]
[Round "6.4"]
[White "Krapivin, Vladislav"]
[Black "Koubova, Anna Marie"]
[Result "1/2-1/2"]
[WhiteTitle "IM"]
[WhiteElo "2310"]
[BlackElo "2060"]
[WhiteTeam "YAMAL 1"]
[BlackTeam "UNICHESS A (MCR)"]
[WhiteFideId "4126149"]
[BlackFideId "381470"]
[EventDate "2018.07.12"]
[EventType "team"]

1. e4 c5 2. Nc3 d6 3. g3 Nc6 4. Bg2 g6 5. d3 Bg7 6. f4 e6 7. Nf3 Nge7 8. O-O O-O
9. Be3 Nd4 10. Rb1 Nec6 11. Ne2 Rb8 12. c3 Nxf3+ 13. Bxf3 b5 14. g4 Qc7 15. d4
cxd4 16. cxd4 f5 17. exf5 gxf5 18. gxf5 Rxf5 19. Ng3 Rf7 20. d5 Ne7 21. Rc1 Qd8
22. Bxa7 Ra8 23. dxe6 Bxe6 24. Bxa8 Qxa8 25. Be3 Nd5 26. Qf3 Qa4 27. b3 Qxa2 28.
Qe4 Nxe3 29. Qxe3 Qxb3 30. Qe4 Bd5 31. Rc8+ Bf8 32. Qd4 Qa2 33. Rf2 Qb1+ 34. Rf1
Qa2 35. Rf2 Qb1+ 1/2-1/2

[Event "28th Czech Open E 2018"]
[Site "Pardubice CZE"]
[Date "2018.07.15"]
[Round "6.1"]
[White "Kratochvil, Josef"]
[Black "Sokolov, Alexander"]
[Result "1/2-1/2"]
[WhiteTitle "FM"]
[BlackTitle "FM"]
[WhiteElo "2309"]
[BlackElo "2394"]
[WhiteTeam "CEREBRO"]
[BlackTeam "TJ PANKRAC (MCR)"]
[WhiteFideId "328626"]
[BlackFideId "4119177"]
[EventDate "2018.07.12"]
[EventType "team"]

1. e4 c5 2. Nf3 d6 3. d4 cxd4 4. Nxd4 Nf6 5. Nc3 g6 6. g3 Nc6 7. Nde2 h5 8. Bg5
Ne5 9. Bg2 Bh3 10. O-O Bxg2 11. Kxg2 Bg7 12. f4 Nh7 13. fxe5 Nxg5 14. exd6 O-O
15. Qd2 exd6 16. Rad1 Be5 17. h4 Ne6 18. Nd5 Rc8 19. Rf3 Kg7 20. c3 Rc4 21. Qe3
Qa5 22. Nef4 Bxf4 23. gxf4 Qa4 24. b3 Qxa2+ 25. Rd2 Qxb3 26. f5 Nc5 27. Nf4 Nxe4
28. fxg6 Qxc3 29. Nxh5+ Kxg6 30. Rxd6+ f6 31. Rg3+ Kf7 32. Rg7+ Ke8 33. Re6+ Kd8
34. Rxe4 Qxe3 35. Rxe3 Rxh4 36. Rxb7 Rg8+ 37. Ng3 Kc8 38. Rxa7 Rhg4 1/2-1/2

[Event "28th Czech Open E 2018"]
[Site "Pardubice CZE"]
[Date "2018.07.15"]
[Round "6.2"]
[White "Dolezal, Radoslav2"]
[Black "Macharacek, Simon"]
[Result "1-0"]
[WhiteElo "1971"]
[BlackElo "2224"]
[WhiteTeam "JIHOCESKY PRAPOR"]
[BlackTeam "CEREBRO"]
[WhiteFideId "306789"]
[BlackFideId "313319"]
[EventDate "2018.07.12"]
[EventType "team"]

1. d4 Nf6 2. Nf3 c5 3. c4 cxd4 4. Nxd4 e6 5. Nc3 Bb4 6. Bd2 Nc6 7. Nc2 Be7 8. g3
d5 9. cxd5 exd5 10. Be3 Be6 11. Bg2 O-O 12. O-O Qd7 13. Qd2 Ne5 14. b3 b5 15.
Rad1 Rac8 16. Bd4 Nc6 17. Bxf6 Bxf6 18. Nxd5 Bxd5 19. Qxd5 Qxd5 20. Bxd5 Ne5 21.
Ne3 h5 22. Be4 Rfe8 23. Nd5 Bd8 24. Rc1 Rxc1 25. Rxc1 Ng4 26. Rc8 Kf8 27. Bd3 a6
28. a4 Nf6 29. Nc7 Bxc7 30. Rxc7 Nd5 31. Rc5 1-0

[Event "28th Czech Open E 2018"]
[Site "Pardubice CZE"]
[Date "2018.07.15"]
[Round "6.3"]
[White "Micanek, Tomas"]
[Black "Postupa, Pavel2"]
[Result "1/2-1/2"]
[WhiteElo "2113"]
[BlackElo "2230"]
[WhiteTeam "CEREBRO"]
[BlackTeam "TJ PANKRAC (MCR)"]
[WhiteFideId "314790"]
[BlackFideId "326410"]
[EventDate "2018.07.12"]
[EventType "team"]

1. e4 c5 2. Nf3 d6 3. d4 cxd4 4. Nxd4 Nf6 5. Nc3 a6 6. Bg5 Nbd7 7. f4 Qc7 8. Be2
e6 9. Bf3 Qb6 10. Nb3 h6 11. Bxf6 Qe3+ 12. Qe2 Qxe2+ 13. Kxe2 Nxf6 14. Na5 Rb8
15. Rhd1 g5 16. e5 dxe5 17. fxe5 Nd7 18. Nc4 b5 19. Nd6+ Bxd6 20. exd6 Bb7 21.
g4 O-O 22. Rd2 Rfc8 23. Rf1 Rc4 24. Bxb7 Rxb7 25. h3 Rb6 26. a3 Rbc6 27. Rf3 b4
28. axb4 Rxb4 29. b3 Rc5 30. Na4 Re5+ 31. Re3 Rxe3+ 32. Kxe3 f5 33. Rd4 f4+ 34.
Ke4 f3 35. c4 f2 36. Rd1 Rxb3 37. c5 Rb4+ 38. Ke3 Rxa4 39. c6 Rb4 40. cxd7 Rb8
41. Rf1 Rd8 42. Ke4 Rxd7 43. Ke5 Rf7 44. Kxe6 Rf3 45. d7 Re3+ 46. Kf6 Rd3 47.
Ke7 Re3+ 48. Kf6 Rd3 1/2-1/2

[Event "28th Czech Open E 2018"]
[Site "Pardubice CZE"]
[Date "2018.07.15"]
[Round "6.4"]
[White "Plesek, Jiri"]
[Black "Svoboda, Karel"]
[Result "1-0"]
[WhiteElo "2162"]
[BlackElo "1977"]
[WhiteTeam "TJ PANKRAC (MCR)"]
[BlackTeam "CEREBRO"]
[WhiteFideId "305146"]
[BlackFideId "330213"]
[EventDate "2018.07.12"]
[EventType "team"]

1. Nf3 d6 2. c4 Nf6 3. g3 g6 4. b4 Bg7 5. Bb2 O-O 6. Bg2 c6 7. O-O Bg4 8. d3 Qc8
9. Ng5 h6 10. Ne4 Nxe4 11. Bxg7 Nxf2 12. Rxf2 Kxg7 13. Nd2 Nd7 14. Qb3 Nf6 15.
b5 c5 16. Qb2 Kg8 17. Rxf6 exf6 18. Ne4 Rd8 19. Nxf6+ Kf8 20. Nd5 Ke8 21. Qf6 1-0